00548nam a22001697a 450000500170000001000150001702000260003203500140005803700130007208200130008510000160009824500550011426000370016927001180020630000290032450000250035320180503104045.0 aENG-122859 a9788183764186c825.00 aEN-106391 bDBAD/PUB a486.0071 aGupta, J.P. aA new concept of english teaching /cby J.P. Gupta aNew Delhi bABD Publishersc2013 a102, Ist Floor, Satyam House, 4327/3, Darya Ganj, bNew Delhie110002k011-45652440mabdpublishersdelhi@gmail.com av, 208p.c22cm(Hb)bill. aIt include and index